00202 a2200109 4500001000700000020000600007040001100013100000600024240002900030245002400059362000900083162887 a  cMagnum a-10aSaci perere/edelbralpor10aSaci perere/edelbra0 a1899